An introduction to industrial microbiology for the graduate and post graduate students of different universities in microbiology and biotechnology

محفوظ في:
التفاصيل البيبلوغرافية
المؤلف الرئيسي: SIVAKUMAAR, P. K.
التنسيق: كتاب
اللغة:الإنجليزية
منشور في: S. Chand, 2010.
الوسوم: إضافة وسم
لا توجد وسوم, كن أول من يضع وسما على هذه التسجيلة!

MARC

LEADER 00000nam a22000007a 4500
008 210125b ||||| |||| 00| 0 eng d
020 |a  978-8121935197 
100 |a SIVAKUMAAR, P. K. 
245 |a An introduction to industrial microbiology  |b for the graduate and post graduate students of different universities in microbiology and biotechnology  |c P. K. Sivakumaar, M. M. Joe, [and] K. Sukesh.  |g xii; 307p.; ill 
260 |b S. Chand,   |c  2010.   |d Books  |h New Delhi  |i 691991   |i 691660  |l QR53 .Si9  |m Industrial microbiology 
500 |a “It includes references and index” 
942 |a lcc  |c BK  |e Adekanye I. H.  |f 25/01/2021 
952 |0 0  |1 0  |2 lcc  |4 0  |6 QR0053 S I9  |7 0  |9 1761  |a HOL  |b SL  |c QZ  |d 2021-01-25  |l 0  |o QR53 .Si9  |p 2021-0538  |r 2021-01-25 00:00:00  |w 2021-01-25  |y BK 
952 |0 0  |1 0  |2 lcc  |4 0  |6 QR0053 S I9  |7 0  |9 1765  |a HOL  |b HOL  |c QZ  |d 2021-01-25  |l 0  |o QR53 .Si9  |p 2021-0542  |r 2021-01-25 00:00:00  |w 2021-01-25  |y BK 
999 |c 928  |d 928